A Scrum projektmenedzsment bemutatása egy választott cégen keresztül

Bibliographic Details
Main Author: Kajtsa Gergő
Other Authors: Avornicului dr. Mihály Szilárd
Format: Thesis
Kulcsszavak:Agilis
Scrum
Hatékonyság elemzés
Online Access:http://dolgozattar.uni-bge.hu/14594

MARC

LEADER 00000nta a2200000 i 4500
001 dolg14594
005 20171218142133.0
008 171218suuuu hu om 000 hun d
040 |a BGE Dolgozattár Repozitórium  |b hun 
041 |a hu 
100 1 |a Kajtsa Gergő 
245 1 2 |a A Scrum projektmenedzsment bemutatása egy választott cégen keresztül  |c Kajtsa Gergő  |h [elektronikus dokumentum] 
695 |a Agilis 
695 |a Scrum 
695 |a Hatékonyság elemzés 
700 1 |a Avornicului dr. Mihály Szilárd  |e ths 
856 4 0 |u http://dolgozattar.uni-bge.hu/14594/1/KajtsaGergo_Szakdolgozat.pdf  |z Dokumentum-elérés